| 000 | 00591nam a2200277Ia 4500 | ||
|---|---|---|---|
| 005 | 20260401122255.0 | ||
| 008 | 008 250103s9999 xx 000 0 eng d | ||
| 020 | _a674995376 | ||
| 037 | _aTB | ||
| 040 | _aEDL | ||
| 040 | _beng | ||
| 040 | _cEDL | ||
| 041 | _2eng | ||
| 041 | _aeng | ||
| 084 | _a882 HEN | ||
| 084 | _qEDL | ||
| 245 | 0 | _aAristophanes: Clouds-Wasps-Peace | |
| 260 | _aCambridge | ||
| 260 | _bHarvard University Press | ||
| 260 | _c2005 | ||
| 300 | _a606p | ||
| 942 | _cTB | ||
| 942 | _h882 HEN | ||
| 999 |
_c1846124 _d1846124 |
||